000 00426nam a2200169Ia 4500
008 210716s2003 xx 000 0 und d
020 _a0198607563
041 _aeng
082 _a413 MARE
100 _aMartin, Elizabeth A.
245 _aOxford dictionary of law.
250 _a5
260 _aNew York
_bOxford University Press
_c2003
300 _a551
650 _aDictionaries(413)
700 _aMartin, Elizabeth A.
999 _c198131
_d198131